<?xml version="1.0" encoding="UTF-8"?>
<record
    xmlns:xsi="http://www.w3.org/2001/XMLSchema-instance"
    xsi:schemaLocation="http://www.loc.gov/MARC21/slim http://www.loc.gov/standards/marcxml/schema/MARC21slim.xsd"
    xmlns="http://www.loc.gov/MARC21/slim">

  <leader>02942nam a2200289 a 4500</leader>
  <controlfield tag="003">OSt</controlfield>
  <controlfield tag="005">20260210112315.0</controlfield>
  <controlfield tag="007">cr ||||||a|c|a</controlfield>
  <controlfield tag="008">230512s2019    mx  |||fom||| 001 0 spa d</controlfield>
  <datafield tag="040" ind1=" " ind2=" ">
    <subfield code="e">rda</subfield>
  </datafield>
  <datafield tag="100" ind1="1" ind2=" ">
    <subfield code="9">186982</subfield>
    <subfield code="a">Cruz L&#xF3;pez, Alexander</subfield>
  </datafield>
  <datafield tag="245" ind1="1" ind2="0">
    <subfield code="a">&#xC1;cido giber&#xE9;lico (AG3), tiempos de inmersi&#xF3;n y bacillus subtitis QST-713 en la producci&#xF3;n de pl&#xE1;ntula de chile miahuateco (Capsicum annuum L.) /</subfield>
    <subfield code="c">por Alexander Cruz L&#xF3;pez; director de tesis Rogelio Castro Brindis.</subfield>
  </datafield>
  <datafield tag="264" ind1=" " ind2="1">
    <subfield code="a">Chapingo, M&#xE9;xico :</subfield>
    <subfield code="b">El autor,</subfield>
    <subfield code="c">2019.</subfield>
  </datafield>
  <datafield tag="300" ind1=" " ind2=" ">
    <subfield code="a">1 recurso en l&#xED;nea (47p&#xE1;ginas):</subfield>
    <subfield code="b">cuadros, figuras.</subfield>
  </datafield>
  <datafield tag="336" ind1=" " ind2=" ">
    <subfield code="2">rdacontent</subfield>
    <subfield code="a">texto</subfield>
    <subfield code="b">txt</subfield>
  </datafield>
  <datafield tag="337" ind1=" " ind2=" ">
    <subfield code="2">rdamedia</subfield>
    <subfield code="a">computadora</subfield>
    <subfield code="b">c</subfield>
  </datafield>
  <datafield tag="338" ind1=" " ind2=" ">
    <subfield code="2">rdacarrier</subfield>
    <subfield code="a">recurso en l&#xED;nea</subfield>
    <subfield code="b">cr</subfield>
  </datafield>
  <datafield tag="502" ind1=" " ind2=" ">
    <subfield code="b">IAEF</subfield>
    <subfield code="c">Fitotecnia</subfield>
    <subfield code="d">2019.</subfield>
    <subfield code="g">LIC</subfield>
  </datafield>
  <datafield tag="504" ind1=" " ind2=" ">
    <subfield code="a">Incluye referencias bibliogr&#xE1;ficas: p&#xE1;ginas 27-30.</subfield>
  </datafield>
  <datafield tag="520" ind1=" " ind2=" ">
    <subfield code="a">La germinaci&#xF3;n de las semillas y la emergencia de las pl&#xE1;ntulas de chile miahuateco (Capsicum annuum L.), no es homog&#xE9;nea, lo que implica que se utilice una cantidad considerable de semilla, para tratar de asegurar el n&#xFA;mero de plantas necesario y, adem&#xE1;s, con caracter&#xED;sticas similares de edad y tama&#xF1;o para establecer el cultivo. En el experimento se utilizaron tratamientos qu&#xED;micos y biol&#xF3;gicos, con el fin de reducir el periodo requerido para la germinaci&#xF3;n y emergencia. Los tratamientos son resultado de la combinaci&#xF3;n: aplicaci&#xF3;n de AG3 con cuatro niveles de concentraci&#xF3;n, tiempo de inmersi&#xF3;n en soluci&#xF3;n de AG3 con tres niveles de tiempo, as&#xED; como inoculaci&#xF3;n o no con la bacteria Bacillus subtilis QST-713 (BsQST). Se encontr&#xF3; que la germinaci&#xF3;n y emergencia de las semillas de chile miahuateco estuvo determinada en las primeras semanas por la aplicaci&#xF3;n de AG3, y el tiempo de inmersi&#xF3;n, lo cual se reflej&#xF3; a los 14 d&#xED;as despu&#xE9;s de la siembra, llegando a un valor colosal de 90% a los 26 d&#xED;as despu&#xE9;s de la siembra. Mientras que el efecto de BsQST sobre la emergencia de plantas se not&#xF3; hasta los 57 d&#xED;as despu&#xE9;s de la siembra con un 85% de plantas emergidas respecto al testigo (66%). Con la aplicaci&#xF3;n de 200 ppm de AG3 durante 12 horas se obtuvo mayor longitud de tallo (155.7mm), as&#xED; como mayor longitud de ra&#xED;z (129.2mm) a los 57 d&#xED;as despu&#xE9;s de la siembra, cuando adem&#xE1;s se adicion&#xF3; BsQST. Al aumentar la concentraci&#xF3;n a 400 ppm de AG3 en 12 horas de inmersi&#xF3;n, se obtuvieron los valores m&#xE1;s altos en peso fresco y seco de tallo, parte a&#xE9;rea y total en las pl&#xE1;ntulas de chile miahuateco a los 57 d&#xED;as despu&#xE9;s de la siembra.</subfield>
  </datafield>
  <datafield tag="650" ind1=" " ind2="4">
    <subfield code="9">82384</subfield>
    <subfield code="a">&#xC1;cido giber&#xE9;lico</subfield>
    <subfield code="x">Efecto en semillas</subfield>
  </datafield>
  <datafield tag="650" ind1=" " ind2="4">
    <subfield code="9">186983</subfield>
    <subfield code="a">Chile miahuateco</subfield>
    <subfield code="x">Cultivo</subfield>
  </datafield>
  <datafield tag="650" ind1=" " ind2="4">
    <subfield code="9">186984</subfield>
    <subfield code="a">Bacterias</subfield>
    <subfield code="x">Efecto en Capsicum annuum</subfield>
  </datafield>
  <datafield tag="700" ind1="1" ind2=" ">
    <subfield code="9">20333</subfield>
    <subfield code="a">Castro Brindis, Rogelio</subfield>
    <subfield code="e">Director de tesis.</subfield>
  </datafield>
  <datafield tag="856" ind1=" " ind2=" ">
    <subfield code="u">http://10.13.5.2/tesis/tl/Cruz_Lopez_Alexander.pdf</subfield>
    <subfield code="z">DESCARGAR PDF</subfield>
  </datafield>
  <datafield tag="942" ind1=" " ind2=" ">
    <subfield code="2">Clasificaci&#xF3;n Universidad Aut&#xF3;noma Chapingo</subfield>
    <subfield code="c">TD</subfield>
  </datafield>
  <datafield tag="999" ind1=" " ind2=" ">
    <subfield code="c">218730</subfield>
    <subfield code="d">218730</subfield>
  </datafield>
  <datafield tag="952" ind1=" " ind2=" ">
    <subfield code="0">0</subfield>
    <subfield code="1">0</subfield>
    <subfield code="2">local</subfield>
    <subfield code="4">0</subfield>
    <subfield code="5">1</subfield>
    <subfield code="7">0</subfield>
    <subfield code="8">TesDigL</subfield>
    <subfield code="a">BD</subfield>
    <subfield code="b">BD</subfield>
    <subfield code="c">E_L</subfield>
    <subfield code="d">2023-05-12</subfield>
    <subfield code="l">0</subfield>
    <subfield code="o">Tesis digital</subfield>
    <subfield code="r">2023-05-12 00:00:00</subfield>
    <subfield code="w">2023-05-12</subfield>
    <subfield code="y">TD</subfield>
  </datafield>
</record>
